000 00699cab a2200217 4500
001 WB3518-14
008 090401t1999 xxu||||| |||| 00| 0 eng d
035 _a(Sirsi) u93286
041 _aeng
245 _aHow the West was won again
260 _c1999
350 _a0
490 _aTimes People & Property
_v12 May 1999, 9(2)
520 _aLooks at two new developments in the West of London, where a total of 150 acres of brownfield land will be transformed into retail, leisure, commercial and residential space.
650 _aBROWNFIELD SITES
650 _aINWARD INVESTMENT
650 _aWEST LONDON
690 _aPROPERTY-PROPERTY DEVELOPMENT
942 _n0
948 _c12/05/1999
999 _c59133
_d59133